Central Library OPAC University of Rajshahi

Practical results and financial aspects of adult probation in selected countries / (Record no. 51544)

MARC details
000 -LEADER
fixed length control field 00691nam a2200217 a 4500
001 - CONTROL NUMBER
control field 51544
003 - CONTROL NUMBER IDENTIFIER
rucl marc code BD-RjUL
005 - DATE AND TIME OF LATEST TRANSACTION
control field 20211209075657.0
008 - FIXED-LENGTH DATA ELEMENTS--GENERAL INFORMATION
fixed length control field 160831s1954 n a|||| |||| 00| 0 eng d
035 ## - SYSTEM CONTROL NUMBER
System control number (BD-RjUL)51664
040 ## - CATALOGING SOURCE
Original cataloging agency BD-RjUL
Language of cataloging eng
Transcribing agency BD-RjUL
Modifying agency BD-RjUL
041 ## - LANGUAGE CODE
Language code of text/sound track or separate title eng
082 ## - DEWEY DECIMAL CLASSIFICATION NUMBER
Edition number 23
Author mark and year PRA 1954
Classification number 364.63
245 1# - TITLE STATEMENT
Title Practical results and financial aspects of adult probation in selected countries /
Statement of responsibility, etc. United Nations
260 ## - PUBLICATION, DISTRIBUTION, ETC. (IMPRINT)
Place of publication, distribution, etc. New York :
Name of publisher, distributor, etc. Department of social affairs,
Date of publication, distribution, etc. 1954
300 ## - PHYSICAL DESCRIPTION
Pagination 112 p. :
Illustrations ill. ;
Size 22 cm.
650 ## - SUBJECT ADDED ENTRY--TOPICAL TERM
Topical term or geographic name as entry element Probation
9 (RLIN) 154070
Topical term or geographic name as entry element Libertad condicional
Form subdivision Aspecto social
9 (RLIN) 154078
700 ## - ADDED ENTRY--PERSONAL NAME
Personal name United Nations
942 ## - ADDED ENTRY ELEMENTS (KOHA)
Source of classification or shelving scheme Dewey Decimal Classification
Koha item type Books
Holdings
Lost status Source of classification or shelving scheme Damaged status Not for loan Collection code Permanent Location Current Location Shelving location Date acquired Source of acquisition Cost, normal purchase price Total Checkouts Full call number Date last seen Copy number Koha item type
  Dewey Decimal Classification     Non-fiction Central Library, University of Rajshahi Central Library, University of Rajshahi   17/05/1957 Publisher united lim. 41.00   364.63 PRA 1954 31/08/2016 C-2 Books